[Event "XXXII Moglianoscacchi C"]
[Site "Mogliano Veneto ITA"]
[Date "2011.05.01"]
[Round "5"]
[White "Lodici, Lorenzo"]
[Black "Zanlorenzi, Marco"]
[Result "1-0"]
[WhiteElo "1533"]
[BlackElo "1459"]
[PlyCount "69"]
[EventDate "2011.04.29"]

1. Nf3 Nf6 2. d4 e6 3. e3 c5 4. Bd3 Qc7 5. c3 Nc6 6. Nbd2 b6 7. O-O Bb7 8. Re1
h5 9. e4 cxd4 10. cxd4 g5 11. Nb3 g4 12. Nfd2 Rg8 13. g3 e5 14. d5 Ne7 15. Nc4
Ng6 16. Qe2 h4 17. Be3 hxg3 18. fxg3 d6 19. Rf1 Be7 20. Rac1 Qd7 21. Nxb6 Qd8
22. Nxa8 Bxa8 23. Bb5+ Kf8 24. Bh6+ Rg7 25. Ba6 Qb6+ 26. Kh1 Nxd5 27. Rc8+ Bd8
28. Rxa8 Nge7 29. Qf2 Qxf2 30. Rxf2 Nc6 31. Bb5 Nde7 32. Bxc6 Nxc6 33. Rc8 Kg8
34. Bxg7 Kxg7 35. Rxc6 1-0

[Event "XXXII Moglianoscacchi C"]
[Site "Mogliano Veneto ITA"]
[Date "2011.05.01"]
[Round "5"]
[White "Pomponio, Stefano"]
[Black "Ciani, Davide"]
[Result "1-0"]
[WhiteElo "1514"]
[BlackElo "1464"]
[PlyCount "82"]
[EventDate "2011.04.29"]

1. e4 c5 2. Nf3 Nc6 3. Bc4 d6 4. Nc3 e6 5. O-O Be7 6. d4 cxd4 7. Nxd4 e5 8.
Nxc6 bxc6 9. Qf3 Nf6 10. h3 Be6 11. Bxe6 fxe6 12. Rd1 O-O 13. Qd3 Qb6 14. b3
Nh5 15. Be3 Qc7 16. Ne2 Nf4 17. Nxf4 exf4 18. Bd4 Rad8 19. c4 Qa5 20. Bc3 Qg5
21. Qf3 c5 22. Rd3 Bf6 23. Bxf6 Qxf6 24. Rad1 e5 25. a3 a5 26. R1d2 Rf7 27. Qd1
Rfd7 28. g4 fxg3 29. Rxg3 Qf4 30. Qe1 h5 31. Rdd3 h4 32. Rg4 Qf6 33. f3 Rf8 34.
Qxa5 Rdf7 35. Qe1 Qd8 36. Kg2 Rf4 37. a4 Rxg4+ 38. fxg4 g5 39. Qd2 Rf6 40.
Qxg5+ Kf7 41. Rf3 Qe7 1-0

[Event "XXXII Moglianoscacchi C"]
[Site "Mogliano Veneto ITA"]
[Date "2011.05.01"]
[Round "5"]
[White "Serradura, Gianluca"]
[Black "Stefanutti, Piero"]
[Result "0-1"]
[WhiteElo "1469"]
[BlackElo "1392"]
[PlyCount "74"]
[EventDate "2011.04.29"]

1. Nf3 Nf6 2. g3 b6 3. d3 Bb7 4. Bg2 e6 5. O-O Be7 6. e4 d6 7. Nbd2 e5 8. Ne1
O-O 9. f4 exf4 10. gxf4 Nbd7 11. f5 d5 12. Qe2 Bd6 13. exd5 Bxd5 14. Bxd5 Nxd5
15. Ndf3 Re8 16. Qg2 Nf4 17. Bxf4 Bxf4 18. Nd4 Be3+ 19. Kh1 Bxd4 20. Rf4 Bf6
21. Nf3 Nf8 22. Rg1 g6 23. Rg4 Qd5 24. c4 Qxf5 25. Rf1 Bg7 26. Ne1 Qd7 27. Nc2
Qxd3 28. Qf2 f5 29. b3 fxg4 30. Qf7+ Kh8 31. Nb4 Qe4+ 32. Kg1 Qe3+ 33. Kh1 g3
34. Nd5 Qe4+ 35. Kg1 Bd4+ 36. Rf2 Bxf2+ 37. Kf1 Qh1# 0-1

[Event "XXXII Moglianoscacchi C"]
[Site "Mogliano Veneto ITA"]
[Date "2011.05.01"]
[Round "5"]
[White "Simonetto, Andrea"]
[Black "Hagiu, Stefano"]
[Result "1-0"]
[WhiteElo "1458"]
[BlackElo "1404"]
[PlyCount "73"]
[EventDate "2011.04.29"]

1. e4 e5 2. Nf3 Nc6 3. Bb5 Nge7 4. d3 g6 5. Bg5 Bg7 6. Bxc6 bxc6 7. Nc3 O-O 8.
O-O d6 9. h3 c5 10. Nd5 f6 11. Nxe7+ Qxe7 12. Be3 Be6 13. c3 d5 14. exd5 Bxd5
15. c4 Be6 16. Qc2 f5 17. Ng5 f4 18. Nxe6 Qxe6 19. Bxc5 Rfe8 20. Kh2 c6 21.
Rfe1 g5 22. f3 h6 23. Re2 Bf8 24. Bxf8 Kxf8 25. Rae1 Qd6 26. Qc3 Red8 27. Rd1
Re8 28. d4 exd4 29. Rxd4 Qc7 30. Rde4 Red8 31. Qh8+ Kf7 32. Qh7+ Kf8 33. Qxc7
Rdc8 34. Qd6+ Kg7 35. Re7+ Kf8 36. Qf6+ Kg8 37. Qg7# 1-0

[Event "XXXII Moglianoscacchi C"]
[Site "Mogliano Veneto ITA"]
[Date "2011.05.01"]
[Round "5"]
[White "Vomiero, Luciano"]
[Black "Chin, Roberto"]
[Result "1/2-1/2"]
[WhiteElo "1569"]
[BlackElo "1491"]
[PlyCount "95"]
[EventDate "2011.04.29"]

1. e4 d6 2. c4 Nf6 3. Nc3 g6 4. d3 Bg7 5. Bd2 c5 6. Be2 Nc6 7. Nf3 a6 8. Rb1
O-O 9. a3 Bd7 10. h3 Rb8 11. Qc1 Na7 12. Bh6 b5 13. Bxg7 Kxg7 14. cxb5 axb5 15.
b4 Qc7 16. O-O Rfc8 17. Qe3 Qb6 18. Nd5 Nxd5 19. exd5 e5 20. Nh2 f5 21. Qg5 Qd8
22. Qxd8 Rxd8 23. f4 Re8 24. fxe5 Rxe5 25. Bf3 Be8 26. Rfe1 Bf7 27. Kf2 Rbe8
28. bxc5 dxc5 29. Rbc1 Rxe1 30. Rxe1 Rxe1 31. Kxe1 Kf6 32. g4 Ke5 33. gxf5 gxf5
34. Kd2 Bxd5 35. Bxd5 Kxd5 36. Kc3 Nc6 37. Nf3 h6 38. h4 b4+ 39. axb4 Nxb4 40.
d4 Nc6 41. dxc5 Kxc5 42. Kd3 Kd5 43. Ke3 Ke6 44. Kf4 Kf6 45. h5 Ke6 46. Nh4 Nd4
47. Ng6 Ne2+ 48. Kf3 1/2-1/2